Central Library OPAC University of Rajshahi

Life of Nelson / (Record no. 24609)

MARC details
000 -LEADER
fixed length control field 00830cam a22002651 4500
001 - CONTROL NUMBER
control field 24609
003 - CONTROL NUMBER IDENTIFIER
rucl marc code BD-RjUL
005 - DATE AND TIME OF LATEST TRANSACTION
control field 20211209001055.0
008 - FIXED-LENGTH DATA ELEMENTS--GENERAL INFORMATION
fixed length control field 140313r19511906enk b 001 0beng
035 ## - SYSTEM CONTROL NUMBER
System control number (BD-RjUL)24678
System control number (OCoLC)10858995
040 ## - CATALOGING SOURCE
Original cataloging agency DLC
Transcribing agency PWbW
Modifying agency BD-RjUL
Language of cataloging eng
041 ## - LANGUAGE CODE
Language code of text/sound track or separate title eng
082 00 - DEWEY DECIMAL CLASSIFICATION NUMBER
Classification number 923.542
Author mark and year SOL 1951
100 1# - MAIN ENTRY--PERSONAL NAME
Personal name Southey, Robert,
Dates associated with a name 1774-1843.
9 (RLIN) 75746
245 10 - TITLE STATEMENT
Title Life of Nelson /
Statement of responsibility, etc. Robert Southey.
260 ## - PUBLICATION, DISTRIBUTION, ETC. (IMPRINT)
Place of publication, distribution, etc. London ;
Name of publisher, distributor, etc. J.M. Dent & Sons, Ltd. ;
Place of publication, distribution, etc. New York :
Name of publisher, distributor, etc. E.P. Dutton & Co., Inc.,
Date of publication, distribution, etc. 1906 [Reprinted 1951].
300 ## - PHYSICAL DESCRIPTION
Pagination viii, 271, [1] p. ;
Size 18 cm.
490 0# - SERIES STATEMENT
Series statement Everyman's library. Biography
Volume/sequential designation no. 52
504 ## - BIBLIOGRAPHY, ETC. NOTE
Bibliography, etc Includes index.
600 10 - SUBJECT ADDED ENTRY--PERSONAL NAME
Personal name Nelson, Horatio Nelson,
Titles and other words associated with a name Viscount,
Dates associated with a name 1758-1805.
942 ## - ADDED ENTRY ELEMENTS (KOHA)
Source of classification or shelving scheme Dewey Decimal Classification
Koha item type Books
Holdings
Lost status Source of classification or shelving scheme Damaged status Not for loan Collection code Permanent Location Current Location Shelving location Date acquired Source of acquisition Cost, normal purchase price Total Checkouts Full call number Date last seen Copy number Koha item type
  Dewey Decimal Classification   Added to bundle Non-fiction Central Library, University of Rajshahi Central Library, University of Rajshahi Reading Room 27/09/1955 B. H. Blackwell 5.00   923.542 SOL 1951 13/03/2014 C-1 Books